[Event "EU-chT School U12 4th"]
[Site "Varna"]
[Date "2009.06.14"]
[Round "2.1"]
[White "Vasenina, Anna"]
[Black "Zaytseva, Kira"]
[Result "1-0"]
[WhiteElo "1634"]
[BlackElo "1711"]
[PlyCount "83"]
[EventDate "2009.06.13"]
[EventType "team"]
[EventRounds "5"]
[EventCountry "BUL"]
[SourceTitle "EXT 2020"]
[Source "ChessBase"]
[SourceDate "2019.10.17"]
[SourceVersion "1"]
[SourceVersionDate "2019.10.17"]
[SourceQuality "1"]

1. e4 c5 2. Ne2 Nc6 3. g3 e6 4. Bg2 Nf6 5. Nbc3 Be7 6. 0-0 0-0 7. f4 d5 8. e5 Nd7 9. d3 a6 10. g4 b5 11. Ng3 Qb6 12. Kh1 Bb7 13. Bd2 a5 14. g5 a4 15. Qg4 Nd4 16. Rac1 Bc6 17. Nce2 Nxe2 18. Qxe2 Qc7 19. Rce1 c4 20. f5 Bc5 21. f6 g6 22. Qg4 Rfb8 23. d4 Bf8 24. Qh4 b4 25. Rf3 Nb6 26. Nh5 h6 27. Ng7 Bxg7 28. fxg7 h5 29. Bxb4 Qb7 30. Qf4 Be8 31. c3 Nd7 32. Rh3 Kxg7 33. Bf3 Qc8 34. Ba3 Qd8 35. Qh4 Nf8 36. Bxh5 Bb5 37. Bf3 f5 38. gxf6+ Kf7 39. Qh8 g5 40. Qg7+ Ke8 41. Qxf8+ Kd7 42. Rh7+ 1-0

[Event "Wch Seniors (Women) 18th"]
[Site "Bad Zwischenahn"]
[Date "2008.11.02"]
[Round "6"]
[White "Zaytseva, Kira"]
[Black "Komysheva, Margarita"]
[Result "1/2-1/2"]
[WhiteElo "1711"]
[BlackElo "2102"]
[PlyCount "48"]
[EventDate "2008.10.28"]
[EventType "swiss"]
[EventRounds "11"]
[EventCountry "GER"]
[SourceTitle "EXT 2009"]
[Source "ChessBase"]
[SourceDate "2008.11.26"]
[SourceVersion "1"]
[SourceVersionDate "2008.11.26"]
[SourceQuality "1"]

1. f4 c5 2. Nf3 Nc6 3. e3 g6 4. Bb5 Bg7 5. 0-0 e6 6. Bxc6 bxc6 7. Nc3 Ne7 8. Ne4 d6 9. c3 0-0 10. Kh1 a5 11. d4 cxd4 12. exd4 h5 13. Qe1 Nf5 14. Ng3 Ba6 15. Rg1 Re8 16. Qf2 Rb8 17. Re1 Qc7 18. Nxf5 exf5 19. Rxe8+ Rxe8 20. Be3 Bd3 21. Re1 Be4 22. Nd2 Bf6 23. Nxe4 Rxe4 24. Bd2 Qe7 1/2-1/2